[Event "Africa-ch"]
[Site "Cairo"]
[Date "2025.05.17"]
[Round "6"]
[White "Abdin, Mahmoud1"]
[Black "Deme, Cheikh Sidy Mohamed"]
[Result "1-0"]
[WhiteElo "1993"]
[BlackElo "1998"]
[PlyCount "73"]
[EventDate "2025.05.13"]
[EventType "swiss"]
[EventRounds "9"]
[EventCountry "EGY"]
[SourceTitle "CB22_2025"]
[SourceDate "2025.05.28"]
[SourceVersion "1"]
[SourceVersionDate "2025.05.28"]
[SourceQuality "1"]

1. d4 d5 2. Nf3 Nf6 3. g3 Bf5 4. Bg2 e6 5. 0-0 c5 6. c4 Nc6 7. Nc3 a6 8. cxd5 exd5 9. Bg5 h6 10. Bxf6 gxf6 11. dxc5 d4 12. Na4 Be7 13. Qd2 Qc7 14. Nxd4 Rd8 15. e3 h5 16. Qc3 Bg6 17. Nxc6 bxc6 18. Rad1 h4 19. Rxd8+ Bxd8 20. Nb6 Bf5 21. Nc4 Kf8 22. Nd6 Be6 23. Qb4 Qd7 24. Qb7 Bc7 25. Qxc6 Qe7 26. Qf3 h3 27. Bh1 Rg8 28. Nf5 Qd7 29. Rd1 Qc8 30. e4 Be5 31. b4 Bxa2 32. Qd3 Bc7 33. Qd7 Qxd7 34. Rxd7 Be6 35. Rxc7 Bxf5 36. exf5 Rg4 37. f4 1-0

[Event "Africa-ch"]
[Site "Cairo"]
[Date "2025.05.14"]
[Round "2"]
[White "Khalil, Ahmed Salem"]
[Black "Deme, Cheikh Sidy Mohamed"]
[Result "1-0"]
[WhiteElo "2102"]
[BlackElo "1998"]
[PlyCount "117"]
[EventDate "2025.05.13"]
[EventType "swiss"]
[EventRounds "9"]
[EventCountry "EGY"]
[SourceTitle "CB22_2025"]
[SourceDate "2025.05.28"]
[SourceVersion "1"]
[SourceVersionDate "2025.05.28"]
[SourceQuality "1"]

1. Nf3 d5 2. c4 d4 3. b4 c5 4. e3 Bg4 5. Qa4+ Qd7 6. Qb3 Bxf3 7. gxf3 e5 8. bxc5 Na6 9. d3 Nxc5 10. Qc2 Rd8 11. e4 Ne6 12. Bh3 Bd6 13. Rg1 Kf8 14. a4 Ne7 15. Nd2 Ng6 16. Nf1 Ngf4 17. Bxf4 exf4 18. Rb1 Qe7 19. Bxe6 fxe6 20. Qb3 a5 21. Nd2 Bb4 22. Rg4 Qf6 23. Ke2 e5 24. Rbg1 Rg8 25. Rg5 g6 26. c5 Rg7 27. Nc4 Re8 28. Nd6 Qe6 29. Qd5 Ree7 30. Rc1 h6 31. Rgg1 Qxd5 32. exd5 b6 33. Nc8 Bxc5 34. Nxe7 Kxe7 35. Rg2 Kd7 36. h4 Ke7 37. Kd2 Kf6 38. Kc2 Kf5 39. Rcg1 g5 40. Kb3 Rg6 41. hxg5 hxg5 42. Rh2 Rd6 43. Kc4 Rd8 44. Rh6 Rc8 45. Kb5 Bb4 46. Kxb6 Rc3 47. Rh5 Be7 48. Rh7 Bd8+ 49. Kb7 Rxd3 50. Kc8 Bf6 51. Rc1 Rxf3 52. d6 e4 53. d7 Kg6 54. Rhh1 Kg7 55. Rc7 Rc3 56. d8Q+ Kg6 57. Qg8+ Kf5 58. Qd5+ Be5 59. Qd7+ 1-0